| 000 | 00363 a2200157 4500 | ||
|---|---|---|---|
| 001 | 50023 | ||
| 020 | _a858546674X | ||
| 040 | _cAnchieta - Bela Vista | ||
| 100 | _aLalau | ||
| 240 | 1 | 0 |
_aUma cor, duas cores, todas elas _lpor |
| 245 | 1 | 0 | _aUma cor, duas cores, todas elas |
| 300 | _a30 | ||
| 362 | 0 | _a2010 | |
| 650 | 4 | _aLiteratura infanto-juvenil | |
| 942 | _cBK | ||
| 999 |
_c50023 _d50023 |
||